[Event "2nd Sharjah Masters 2018"]
[Site "Sharjah"]
[Date "2018.04.12"]
[Round "1"]
[White "Jishitha D"]
[Black "Safarli, Eltaj"]
[Result "0-1"]
[WhiteElo "2083"]
[BlackElo "2653"]
[Annotator "TA"]
[PlyCount "102"]
[EventDate "2018.??.??"]
[EventType "swiss"]
[EventCountry "UAE"]
[SourceTitle "playchess.com"]
[Source "ChessBase"]
[SourceQuality "1"]

{[%evp 13,102,0,21,0,33,17,35,35,42,36,41,37,39,27,48,-19,37,7,20,-5,-5,-5,-5,-21,-5,-5,-5,-5,-5,-5,-5,-5,-5,-77,-75,-75,-78,-85,-74,-98,-85,-101,-104,-131,-115,-137,-135,-171,-165,-162,-167,-153,-166,-164,-158,-170,-152,-150,-152,-154,-153,-178,-153,-390,-390,-390,-390,-390,-348,-348,-345,-328,-197,-732,-679,-1094,-1094,-1052,-134,-859,-695,-29972,-29973,-29973,-29974,-29976,-29977,-29976,-29977,-29975,-29965]} 1. c4 e5 2. Nc3 Nc6 3. Nf3 Nf6 4. e3 Bb4 5. Qc2 Bxc3 6. Qxc3 Qe7 7. d4 {A28: English Opening: Four Knights Variation} (7. Be2 d5 8. cxd5 Nxd5 9. Qb3 Nb6 10. d3 Bg4 11. Bd2 O-O-O 12. Rc1 f5 13. h3 Bh5 14. Qa3 Qxa3 15. bxa3 Bxf3 16. gxf3 {0-1 (52) Oleksienko,M (2615)-Navara,D (2726) Germany 2018}) 7... d6 {LiveBook: 4 Games} 8. b4 $146 ({Predecessor:} 8. d5 Nb8 9. Nd2 Bf5 10. b3 Ne4 11. Nxe4 Bxe4 12. f3 Bg6 13. h4 h5 14. e4 Nd7 {½-½ (41) Nikolaidis,I (2559)-Georgiev,K (2618) Durres 2014}) 8... Bg4 {[#] aiming for ...Bxf3.} 9. dxe5 {White is slightly better.} Nxe5 10. Nxe5 dxe5 11. f3 Be6 12. e4 Nd7 13. Be3 O-O 14. Bd3 (14. Be2 $14) 14... Rfd8 (14... a5 $11 15. bxa5 b6) 15. O-O c5 16. b5 f6 17. a4 Bf7 18. Qa3 Rac8 19. Rad1 Nf8 {[%cal Bd7f8,Bf8e6,Be6d4][%mdl 32]} 20. Be2 Re8 21. Rd2 Ne6 22. Rfd1 {White wants to play Rd7.} Nd4 23. Bxd4 (23. Bd3 $11 {keeps the balance.}) 23... cxd4 $17 24. Qxe7 Rxe7 25. Rc1 Rc5 26. Rb2 Rec7 27. a5 Kf8 ({Not} 27... Bxc4 28. Rbc2 $16) 28. Kf2 Ke7 29. Ke1 b6 {[%cal Rf7c4]} ({And not} 29... Bxc4 30. Rbc2 $16) 30. Kd2 Bxc4 31. Rbc2 {[%cal Re2c4]} Be6 {White must now prevent ...Rxc2+.} 32. Rxc5 bxc5 $19 {[%mdl 4096] Endgame KRB-KRB} 33. b6 axb6 34. axb6 Rb7 {And now ...Kd6 would win.} 35. Rxc5 Rxb6 36. Rc7+ Bd7 37. Kc2 g5 38. g4 $2 (38. Ra7 $17 {was necessary.}) 38... Rc6+ 39. Rxc6 Bxc6 {KB-KB} 40. Kb3 Kd6 41. Kb4 Be8 42. Bc4 h5 {[%cal Bh7h5,Bh5h4][%mdl 32]} 43. h3 h4 44. Be2 Bd7 45. Bc4 Kc6 46. Bf1 $2 {[%mdl 8192] [#]} (46. Be2 $17) 46... Kb6 $1 47. Kb3 Bb5 {Black mates.} 48. Bg2 Kc5 49. Kc2 Kb4 50. Kd2 Kb3 51. Bh1 Bf1 {Precision: White = 29%, Black = 75%.} 0-1

[Event "2nd Sharjah Masters 2018"]
[Site "Sharjah"]
[Date "2018.04.12"]
[Round "1"]
[White "Song, Yuxin"]
[Black "Rakhmanov, Aleksandr"]
[Result "1/2-1/2"]
[WhiteElo "2075"]
[BlackElo "2652"]
[Annotator "TA"]
[PlyCount "60"]
[EventDate "2018.??.??"]
[EventType "swiss"]
[EventCountry "UAE"]
[SourceTitle "playchess.com"]
[Source "ChessBase"]
[SourceQuality "1"]

{[%evp 11,60,53,56,35,40,39,31,36,35,27,30,24,65,68,47,42,54,46,50,35,40,66,66,36,112,117,121,64,68,58,62,54,55,46,89,59,132,68,60,60,65,57,57,57,94,79,91,59,69,68,67]} 1. e4 d5 2. exd5 Qxd5 3. Nc3 Qd6 4. d4 g6 (4... Nf6 5. a3 c6 6. Bc4 Be6 7. Bxe6 Qxe6+ 8. Nge2 Qd7 9. O-O e6 10. Ng3 Be7 11. Nce4 Nxe4 12. Nxe4 Qd5 {0-1 (38) Mamedov,R (2709)-Carlsen,M (2834) chess.com INT 2018}) 5. Nf3 Bg7 6. Nb5 {B01: Scandinavian Defence} Qb6 {LiveBook: 17 Games} 7. Bc4 a6 $146 ({Predecessor:} 7... c6 8. Nc3 Nh6 9. O-O Nf5 10. Ne2 O-O 11. c3 c5 12. Re1 Nc6 13. dxc5 Qxc5 {0-1 (71) Feletar,D (2367)-Kurajica,B (2554) Zadar 2007}) 8. Nc3 {Hoping for Nd5.} Nf6 9. O-O O-O 10. h3 Nc6 11. a3 Na5 12. Ba2 $36 {[%mdl 2048] White has the initiative.} Qd6 13. Qe2 b5 14. Re1 e6 15. Bg5 Bb7 16. Rad1 Bd5 17. Bxd5 Nxd5 (17... exd5 $14 18. Qe5 Rad8) 18. Ne4 $16 Qc6 {[#]} 19. Ne5 (19. b3 $1 $16) 19... Qe8 $1 $14 20. Nc5 f6 21. Bd2 {Black must now prevent Ned7.} fxe5 22. Bxa5 Rf5 23. Nd3 {[%cal Rd4e5]} Qe7 (23... exd4 $14 24. Qxe6+ Qxe6 25. Rxe6 Rf6) 24. Bb4 ({Much weaker is} 24. Nxe5 $6 Bxe5 25. dxe5 Qc5 $14) (24. dxe5 $16 c5 25. Qe4) 24... Nxb4 25. axb4 exd4 26. Qxe6+ Qxe6 27. Rxe6 Bf8 28. g4 Rd5 29. Ra1 Bd6 30. Kf1 Kf7 {Precision: White = 53%, Black = 63%.} 1/2-1/2

[Event "2nd Sharjah Masters 2018"]
[Site "Sharjah"]
[Date "2018.04.12"]
[Round "1"]
[White "Asmar, Elie"]
[Black "Mareco, Sandro"]
[Result "1/2-1/2"]
[WhiteElo "2060"]
[BlackElo "2645"]
[Annotator "TA"]
[PlyCount "95"]
[EventDate "2018.??.??"]
[EventType "swiss"]
[EventCountry "UAE"]
[SourceTitle "playchess.com"]
[Source "ChessBase"]
[SourceQuality "1"]

{[%evp 21,95,6,12,6,12,0,1,0,29,22,31,20,24,22,25,6,20,-16,-8,-35,-19,-38,-29,-70,-60,-60,-65,-69,-65,-66,-62,-78,0,0,0,0,0,-2,-4,-4,0,0,0,0,0,0,0,0,0,0,0,0,0,0,0,0,0,-29,-26,-54,-54,-54,-54,-54,-47,-52,-47,-51,-43,-54,-54,-55,0,0,0,-7]} 1. e4 c5 2. Nf3 d6 3. d4 cxd4 4. Qxd4 Nc6 5. Bb5 a6 6. Bxc6+ bxc6 7. c4 e5 8. Qd3 Qc7 9. O-O Nf6 10. Nc3 Be7 11. b3 {B51: Sicilian: Moscow Variation (3 Bb5+) without 3...Bd7} O-O {LiveBook: 3 Games} 12. Bg5 (12. Rd1 Bg4 13. h3 Bh5 14. Qe3 Rad8 15. Bb2 h6 16. Rd2 {0-1 (82) Nepomniachtchi,I (2705)-Moiseenko,A (2692) Berlin 2015}) 12... h6 13. Bh4 Bg4 $146 ({Find the theoretical novelty and annotate with similar games:} 13... g5 14. Bg3 Nh5 15. c5 Nf4 16. cxd6 Bxd6 17. Qc2 f5 18. exf5 Bxf5 {1-0 (37) Hlavac,R (2106)-Strakos,T (1838) Sec u Chrudimi 2008}) 14. h3 {[#] Hoping for Bxf6.} Be6 15. Rac1 Rac8 16. Rfd1 Rfd8 17. Qe3 Qb8 18. g4 Qb7 19. Bg3 Nd7 20. Na4 f6 21. Nh4 d5 22. cxd5 cxd5 23. Rxc8 Rxc8 24. exd5 Bxd5 25. Nf5 Bf8 26. Kh2 Nc5 {[#]} (26... Rc7 $17) 27. Rxd5 $1 $11 {[%mdl 512]} Nxa4 (27... Qxd5 28. Nb6) 28. Qd2 Nc5 29. Nd6 $132 {[%mdl 2048] White is not keeping still} Bxd6 $1 30. Rxd6 Ne4 31. Qd5+ Qxd5 32. Rxd5 {[%mdl 4096] Endgame KRB-KRN} g6 33. Kg2 Rc2 34. Ra5 Rc6 35. Ra4 Nc3 36. Ra5 Kf7 37. h4 g5 38. hxg5 hxg5 39. b4 Ke6 40. a4 Nd5 41. b5 axb5 42. axb5 Rc4 43. Ra6+ Kd7 44. f3 Rb4 45. b6 Nxb6 46. Bf2 Nc4 ({Black should play} 46... Nd5 $15) 47. Rxf6 Rb2 48. Kg3 {Precision: White = 64%, Black = 83%.} 1/2-1/2

[Event "2nd Sharjah Masters 2018"]
[Site "Sharjah"]
[Date "2018.04.12"]
[Round "1"]
[White "Mullick, Raahil"]
[Black "Adly, Ahmed"]
[Result "0-1"]
[WhiteElo "2053"]
[BlackElo "2626"]
[Annotator "TA"]
[PlyCount "102"]
[EventDate "2018.??.??"]
[EventType "swiss"]
[EventCountry "UAE"]
[SourceTitle "playchess.com"]
[Source "ChessBase"]
[SourceQuality "1"]

{[%evp 17,102,23,7,-3,-1,-1,0,-4,41,25,36,-39,-46,-46,-49,-78,-74,-72,-12,-29,-29,-36,-30,-58,-50,-112,-52,-45,-60,-50,-47,-97,-91,-100,-86,-135,-149,-138,-80,-68,-78,-198,-202,-201,-168,-235,-196,-286,-281,-285,-280,-498,-465,-536,-523,-560,-309,-394,-327,-327,-286,-417,-393,-650,-632,-665,-660,-720,-700,-811,-784,-1206,-1192,-1077,-882,-1770,-1728,-29982,-29983,-29983,-29984,-29986,-29987,-29988,-29989,-29993,-29994]} 1. e4 c5 2. Nf3 Nf6 3. Nc3 d6 4. d4 cxd4 5. Nxd4 Nc6 6. Bg5 e6 7. Qd2 a6 8. O-O-O Bd7 9. Be2 h6 {LiveBook: 28 Games. Hoping for ...Nxd4.} 10. Bxf6 {B67: Sicilian: Richter-Rauzer: 7...a6 8 0-0-0 Bd7, lines without 9 f4 Be7} (10. Bh4 {looks sharper.} b5 11. Nxc6 Bxc6 12. Qe3 Be7 13. e5) (10. Bh4 Rc8 11. Nxc6 Bxc6 12. Qe3 Be7 13. e5 Nd5 14. Nxd5 Bxh4 15. Nb6 Bg5 16. f4 Bxf4 17. Qxf4 Qxb6 18. exd6 O-O {0-1 (42) Jovanovic,Z (2537)-Jankovic,A (2541) Otocac 2010}) 10... Qxf6 11. Nxc6 Bxc6 12. f4 {The position is equal.} Be7 13. Bf3 Rd8 $146 ({Predecessor:} 13... O-O 14. h4 Rfe8 15. g4 g5 16. hxg5 hxg5 17. Ne2 Bf8 {1-0 (31) Taylor Bowd,P (2063)-Jeffries,M (2026) Birmingham 2006}) 14. g4 (14. Kb1 $14) 14... g5 $15 15. f5 Qe5 16. Qd4 Qxd4 17. Rxd4 h5 (17... Bf6 $17 18. Rd3 Ke7) 18. fxe6 fxe6 19. gxh5 Bf6 20. Rd3 Ke7 {[%mdl 1024] Black has compensation.} 21. Ne2 {[#]} (21. h3 $15) 21... Rdf8 (21... g4 $1 $17 {[%cal Rg4f3][%mdl 512]} 22. Bxg4 Bxe4) 22. Re1 Be5 23. h3 Rf6 24. Ng1 Rhf8 25. Bg4 Rf1 26. Rxf1 Rxf1+ 27. Rd1 Rf2 (27... Bf4+ $142 28. Kb1 Rxd1+ 29. Bxd1 Be3) 28. Re1 $17 Bf4+ 29. Kb1 {[#]} (29. Kd1 $17 {was the only chance.}) 29... Bxe4 $1 $19 {[%mdl 512]} 30. Ne2 (30. Rxe4 Rf1+) 30... Be5 31. a3 (31. Kc1 {keeps fighting.}) 31... d5 {[%cal Bd6d5,Bd5d4][%mdl 32]} 32. Ka2 (32. h6 $142) 32... Bxc2 33. Nc3 Kd6 34. Re2 $2 (34. a4 {was necessary.}) 34... Rxe2 35. Nxe2 {[%mdl 4096] Endgame KBB-KBN} d4 36. h6 Ke7 37. Bf3 Kf7 38. Ng1 b6 39. b4 (39. Bh5+ {is the only way for White.} Kf6 40. Nf3) 39... Kg6 40. Kb2 $2 (40. Bb7) 40... Bf5 41. Kc1 Bf4+ 42. Kd1 d3 43. Bb7 a5 44. Nf3 axb4 45. axb4 Kxh6 46. Nd4 Bxh3 47. Bf3 e5 {Black mates.} 48. Nb3 g4 {[%cal Bg5g4,Bg4g3,Bg3g2][%mdl 32]} 49. Be4 g3 50. Nd2 g2 51. Nf3 Bg4 {Precision: White = 27%, Black = 60%.} 0-1

[Event "2nd Sharjah Masters 2018"]
[Site "Sharjah"]
[Date "2018.04.12"]
[Round "1"]
[White "Sun, Chao"]
[Black "Maghsoodloo, Parham"]
[Result "0-1"]
[WhiteElo "2041"]
[BlackElo "2615"]
[Annotator "TA"]
[PlyCount "62"]
[EventDate "2018.??.??"]
[EventType "swiss"]
[EventCountry "UAE"]
[SourceTitle "playchess.com"]
[Source "ChessBase"]
[SourceQuality "1"]

{[%evp 17,62,12,22,0,7,0,13,0,3,0,16,0,0,-63,-2,-127,-114,-126,-108,-107,-116,-118,-116,-132,-139,-150,-131,-154,-145,-206,-198,-195,-191,-178,-134,-153,-135,-145,-118,-122,-90,-520,-512,-510,-507,-487,-495]} 1. Nf3 Nf6 2. c4 e6 3. b3 b6 4. g3 Bb7 5. Bg2 d5 6. cxd5 exd5 7. Bb2 Be7 8. O-O O-O 9. d4 Re8 {LiveBook: 11 Games. E17: Queen's Indian: 4 g3 Bb7 5 Bg2 Be7} (9... Nbd7 10. Nc3 Re8 11. Rc1 Bf8 12. Qc2 a6 13. Rfd1 Rc8 14. e3 Qe7 15. Ne5 Qe6 16. Ne2 c6 17. Nf4 Qd6 18. Bh3 Rc7 19. b4 {½-½ (39) Leko,P (2691)-Bacrot,E (2725) Riadh 2017}) 10. Nbd2 a5 $146 ({Predecessor:} 10... Nbd7 11. Rc1 c5 12. e3 Ne4 13. Nxe4 dxe4 14. Nd2 Bf6 15. Nc4 Ba6 {1-0 (53) Nguyen,X (1638)-Tran,T (1867) Ho Chi Minh City 2015}) 11. Ne5 Na6 {The position is equal.} 12. Re1 Bd6 13. Rc1 c5 14. Ndf3 Ne4 15. e3 (15. Nd2 $11) 15... Rc8 (15... f6 $15 16. Nd3 Nb4) 16. Re2 (16. Nh4 $11 {remains equal.}) 16... f6 $17 17. Nd3 c4 18. bxc4 dxc4 19. Nde1 Qd7 20. Nd2 {[#]} Nxd2 $1 21. Rxd2 Bxg2 22. Nxg2 b5 23. Qe2 {[#]} (23. a3 $17 {was called for.}) 23... Nb4 $1 $19 24. Ba1 Nd3 25. Rb1 a4 26. e4 Bb4 {[%cal Bd6b4,Bb4a5,Ba5b6,Bb6d4][%mdl 32]} 27. Rdd1 Ba5 28. f3 Bb6 {aiming for ...f5.} 29. Rxd3 $4 {[%mdl 8192]} (29. Ne3 $17) 29... cxd3 {Black is clearly winning.} 30. Qxd3 Red8 31. Rd1 {[#]} Bxd4+ $1 {[%mdl 512] Precision: White = 38%, Black = 51%.} 0-1

[Event "2nd Sharjah Masters 2018"]
[Site "Sharjah"]
[Date "2018.04.12"]
[Round "1"]
[White "Krithigga K"]
[Black "Firouzja, Alireza"]
[Result "0-1"]
[WhiteElo "2003"]
[BlackElo "2572"]
[Annotator "TA"]
[PlyCount "50"]
[EventDate "2018.??.??"]
[EventType "swiss"]
[EventCountry "UAE"]
[SourceTitle "playchess.com"]
[Source "ChessBase"]
[SourceQuality "1"]

{[%evp 15,50,-23,-9,-64,-42,-67,-8,-28,-12,-8,-8,-21,-14,-19,9,-51,-34,-52,-27,-45,-44,-121,-120,-288,-287,-252,-240,-1196,-864,-918,-933,-928,-913,-1190,-590,-1239,-1226]} 1. c4 e5 2. g3 Nc6 3. Bg2 Bc5 4. Nc3 a6 5. e3 d6 6. Nge2 {A25: English Opening vs King's Indian with ...Nc6 but without early d3} (6. Nf3 Nf6 7. O-O O-O 8. h3 Ba7 9. d4 h6 10. dxe5 dxe5 11. Qxd8 Rxd8 12. b3 Be6 13. Ba3 Rd7 14. Rfd1 Rad8 15. Rxd7 Rxd7 {½-½ (41) Howell,D (2676)-Ponomariov,R (2694) Riadh 2017}) 6... Ba7 7. O-O h5 8. d4 h4 {LiveBook: 23 Games} 9. a3 (9. b4 $11) 9... hxg3 $15 10. fxg3 Nge7 $146 (10... Bg4 $15) ({Predecessor:} 10... Bg4 11. Qe1 {½-½ (25) Holleland,S (2052)-Risting,E (2292) Fornebu 2016}) 11. Qd3 Bg4 12. d5 Nb8 {[%cal Bc6b8,Bb8d7,Bd7f6,Bf6e4][%mdl 32]} 13. Ne4 Nd7 14. b4 Bf5 (14... Bh5 {with more complications.} 15. h4 Ng8 16. Bh3 Ngf6 17. N2c3 Bg6) 15. Qc3 ({White should try} 15. N2c3 $11) 15... Bxe4 16. Bxe4 Nf6 17. Bg2 $1 Qd7 $36 {[%mdl 2048] Black is pushing.} 18. Bd2 (18. a4 $15) 18... Qg4 $17 19. Nc1 $2 {[#]} (19. Rae1 $17 {is a better defense.}) 19... Nf5 $19 20. Qd3 e4 ({Don't play} 20... Nxg3 21. Rxf6 gxf6 22. hxg3 $17) 21. Bxe4 $2 (21. Qe2 Nxe3 22. Bxe3 Qxe2 23. Nxe2 Bxe3+ 24. Kh1) 21... Nxe4 {Black is clearly winning.} 22. Rf4 Qd1+ 23. Rf1 Qxd2 {[%csl Gh8][%cal Rd2h2] [#]} 24. Qxe4+ Ne7 (24... Kf8 $142 {[%csl Gh8][%cal Rd2h2]} 25. Rxf5 Bxe3+ 26. Kf1 Rxh2) 25. Ra2 Bxe3+ {Precision: White = 26%, Black = 51%.} 0-1

[Event "2nd Sharjah Masters 2018"]
[Site "Sharjah"]
[Date "2018.04.12"]
[Round "1"]
[White "Ahmed, Fareed"]
[Black "Petrosyan, Manuel"]
[Result "0-1"]
[WhiteElo "1989"]
[BlackElo "2560"]
[Annotator "TA"]
[PlyCount "76"]
[EventDate "2018.??.??"]
[EventType "swiss"]
[EventCountry "UAE"]
[SourceTitle "playchess.com"]
[Source "ChessBase"]
[SourceQuality "1"]

{[%evp 25,76,-14,-9,-33,-25,-25,0,-42,-27,-37,-33,-25,-25,-37,-25,-60,-58,-67,-66,-77,-52,-152,-147,-151,-143,-125,-133,-138,-122,-258,-239,-243,-252,-343,-345,-371,-250,-329,-250,-297,-289,-264,-283,-399,-378,-401,-399,-393,-388,-403,-394,-379,-381]} 1. e4 c5 2. Nf3 e6 3. d4 cxd4 4. Nxd4 a6 5. Nc3 b5 6. Bd3 Qb6 7. Nb3 Qc7 8. Be3 Bb7 9. Qe2 Nf6 10. f4 d6 11. a3 Nbd7 12. O-O Be7 {B43: Sicilian: Kan Variation: 5 Nc3} (12... Nc5 13. Nxc5 dxc5 14. e5 c4 15. exf6 cxd3 16. cxd3 gxf6 17. f5 Rg8 18. Ne4 Qe5 19. fxe6 Bxe4 20. exf7+ Kxf7 21. dxe4 {1-0 (38) Bodnaruk,A (2475)-Galliamova,A (2475) Sochi 2016}) 13. Kh1 O-O {LiveBook: 3 Games} 14. Bd2 Rfe8 {Black is slightly better.} 15. Rae1 e5 16. f5 $146 ({Predecessor:} 16. Qf3 Rac8 17. Qh3 Nf8 18. Qf3 Qd7 19. Re2 Ng6 20. f5 {½-½ (45) Wolter,K (2270)-Karger,F (2226) Germany 2002}) 16... Nc5 17. Bg5 Rad8 18. Qf3 h6 19. Bh4 Nh7 (19... Ncd7 {is more complex.} 20. Rc1 Rb8 21. Bf2 Nc5 22. Nd2 Red8) 20. Bxe7 Qxe7 21. Rd1 Nf6 22. Rfe1 Qc7 23. Nc1 (23. Qe2 $15) 23... d5 $17 24. exd5 Nxd5 25. Nxd5 Bxd5 26. Qg3 f6 27. Qh4 (27. Be2 $17 {was worth a try.}) 27... Nxd3 28. cxd3 Qc2 {[%csl Gd5][%cal Rc2g2] [#]} 29. Qg4 Qxb2 30. Re3 Qd4 31. Qg3 Qf4 32. Ne2 Qxg3 33. Nxg3 Rc8 34. Re2 (34. Kg1 $142) 34... Red8 {Black is winning.} 35. Kg1 Rc3 36. d4 Bb3 37. Rdd2 Rxd4 38. Rxd4 exd4 {Precision: White = 26%, Black = 51%.} 0-1

[Event "2nd Sharjah Masters 2018"]
[Site "Sharjah"]
[Date "2018.04.12"]
[Round "1"]
[White "Salim Mohammed Salim Al Amri"]
[Black "Puranik, Abhimanyu"]
[Result "0-1"]
[WhiteElo "1970"]
[BlackElo "2520"]
[Annotator "TA"]
[PlyCount "70"]
[EventDate "2018.??.??"]
[EventType "swiss"]
[EventCountry "UAE"]
[SourceTitle "playchess.com"]
[Source "ChessBase"]
[SourceQuality "1"]

{[%evp 19,70,22,12,-5,0,-18,-1,-7,-6,-7,0,-7,0,-62,-54,-58,-26,-32,-30,-33,-33,-33,-30,-32,11,11,0,7,0,0,12,-21,-22,-29,-22,-20,-32,-21,-17,-106,-100,-110,-95,-113,-113,-146,-130,-185,-178,-361,-381,-1793,-1696]} 1. e4 e5 2. Nf3 Nc6 3. Bc4 Nf6 4. d3 h6 5. c3 d6 6. O-O g6 7. Bb3 Bg7 8. Re1 O-O 9. Nbd2 Re8 10. Nf1 {C55: Two Knights: 4 d3, 4 d4 exd4 5 e5 and Max Lange Attack} Be6 {LiveBook: 5 Games} 11. Bc2 (11. h3 d5 12. Ng3 Qd7 13. Ba4 Nh7 14. d4 exd4 15. Nxd4 Rad8 16. Be3 dxe4 17. Nxc6 bxc6 18. Nxe4 {½-½ (33) Anand,V (2782)-Ponkratov,P (2613) Riadh 2017}) 11... d5 12. Qe2 {The position is equal.} a6 13. Ng3 {[#]} Qe7 $146 ({Predecessor:} 13... d4 14. Bd2 Nd7 15. Rec1 Qe7 16. Bd1 dxc3 17. bxc3 Nc5 {0-1 (43) Onischuk,V (2602)-Delorme,A (2513) Bastia 2016}) 14. h3 Rad8 15. Be3 b5 {[%cal Bb7b5,Bb5b4][%mdl 32] And now ...dxe4 would win.} 16. b3 (16. Bd2 $11) 16... b4 $15 17. c4 dxe4 (17... d4 $5 {[%cal Rd4e3]} 18. Bd2 Nd7 $15) 18. dxe4 Nd7 19. Rad1 Nc5 20. Rxd8 Rxd8 21. Rd1 Nd4 22. Bxd4 $1 exd4 23. e5 d3 $36 {[%mdl 2048] Black has good play.} 24. Bxd3 Bc8 25. Bc2 Rxd1+ 26. Qxd1 Bb7 27. Qe2 Bxf3 28. Qxf3 Qxe5 29. Qe2 (29. Qd5 $11) 29... Qa1+ $17 30. Bd1 h5 31. Qc2 a5 32. Nf1 Bd4 33. Bf3 (33. h4 $17) 33... Qc3 $19 34. Qd1 $2 (34. Be4) 34... Nd3 35. Ne3 $2 {[#]} (35. Qe2) 35... Nxf2 $1 {[%mdl 512] Precision: White = 27%, Black = 75%.} 0-1

[Event "2nd Sharjah Masters 2018"]
[Site "Sharjah"]
[Date "2018.04.12"]
[Round "1"]
[White "Priyanka Nutakki"]
[Black "Haddouche, Mohamed"]
[Result "1-0"]
[WhiteElo "1957"]
[BlackElo "2506"]
[Annotator "TA"]
[PlyCount "177"]
[EventDate "2018.??.??"]
[EventType "swiss"]
[EventCountry "UAE"]
[SourceTitle "playchess.com"]
[Source "ChessBase"]
[SourceQuality "1"]

{[%evp 24,177,-28,-39,-28,-64,0,0,0,0,64,0,18,22,147,130,121,123,133,12,14,19,0,0,78,-109,-104,-135,-118,-114,-118,-175,-152,-156,-126,-127,-137,-116,-78,-147,-60,-45,-21,-42,-31,-120,-10,-18,-17,-27,-39,-15,0,-2,110,25,115,30,62,62,183,74,77,77,77,77,199,0,0,0,64,0,4,0,0,0,0,0,0,0,1350,1314,2064,201,322,343,1095,1095,912,1044,1103,1076,1168,945,945,992,1045,893,889,1037,930,746,779,0,919,635,499,498,1042,939,1649,1527,1698,1618,1295,1545,1268,1306,1217,912,1567,1637,29945,29947,12850,6203,29959,29962,29953,4133,29963,29964,29970,29973,29974,29975,29972,29976,29971,29977,29977,29979,29978,29981,29981,29982,29983,29984,29985,29986,29986,29987,29986,29988,29989,29990]} 1. e4 e5 2. Nf3 Nc6 3. Bc4 Bc5 4. c3 Nf6 5. d3 O-O 6. O-O d5 7. exd5 Nxd5 8. Re1 {[%cal Bf1e1,Be1e5,Be5d5][%mdl 32]} Bg4 {[%cal Bc8g4,Bg4h5,Bh5g6][%mdl 32]} 9. h3 {C54: Giuoco Piano: 4 c3 Nf6, main lines with 5 d4 and 5 d3} Bh5 10. g4 Bg6 11. Nxe5 Nxe5 12. Rxe5 c6 13. Bxd5 {LiveBook: 7 Games} cxd5 14. Qf3 {[#]} Re8 $146 (14... Qc7 $1 $15 15. Rxd5 (15. Qxd5 Rae8 $15) 15... Rfd8 16. Rxd8+ Rxd8) ({Predecessor:} 14... Qc7 15. Rxd5 Rae8 16. Bd2 f5 {0-1 (36) Glidzhain,G (2360)-Ponkratov,P (2585) Moscow 2010}) 15. Rxd5 Re1+ 16. Kg2 Qb6 (16... Rxc1 $11 17. Rxd8+ Rxd8) 17. Bd2 (17. Nd2 $1 $14 Rae8 18. Nc4) 17... Re6 18. b4 Bd6 (18... Rf6 $1 $11 {remains equal.} 19. bxc5 Qb2) 19. Na3 $1 $16 {[%cal Ra3c4]} Rf6 20. Nc4 Qc7 21. Qe2 (21. Qe3 $1 $16) 21... Qc6 $11 22. Ne3 {Strongly threatening b5.} Re8 23. c4 Bb8 (23... b5 $1 $11) 24. Rh1 $2 (24. b5 $16 {keeps the pressure on.} Qc7 25. Rh1) 24... b5 $1 $17 25. g5 {[#]} Rf5 $1 {[%mdl 512]} 26. Qg4 (26. Nxf5 Rxe2) 26... bxc4 27. Qxc4 (27. b5 $17 Qb7 28. dxc4) 27... Rxg5+ $1 $19 28. Kf1 Qb7 29. Rg1 Rxd5 30. Nxd5 Qd7 31. Kg2 (31. Rg4 $142) 31... h6 (31... Bf5 $1 $17 {[%cal Rf5e6]} 32. Nf4 Rd8) 32. Bf4 $15 Bd6 33. Bxd6 Qxd6 34. Nf4 (34. Qc5 $15 Qe5 35. Nc3 (35. Nc7 Qxc5 36. bxc5 Rc8 $15)) 34... Kh7 (34... Bf5 $1 $17 {And now ...Rc8 would win.} 35. Nh5 Bd7) 35. Nxg6 $11 fxg6 {[%mdl 4096] Endgame KQR-KQR} 36. Rc1 Re5 {White must now prevent ...Rg5+.} 37. h4 $1 Rd5 {aiming for ...Rd4.} 38. Qe4 a6 (38... Rd4 $11 39. Rc6 Rxe4 40. Rxd6 Rxb4) 39. Rc4 ({White should try} 39. a3 $16) 39... Qd7 (39... Re5 $11 40. Rc6 Rxe4 41. Rxd6 Rxb4) 40. d4 ({Better is} 40. Rc7 $1 $16 {[%cal Rc7d7]} Qd6 41. a3) 40... Qb7 41. f3 Qf7 (41... Qd7 $14) 42. Rc6 (42. Rc5 $1 $18 {[%cal Rc5d5] and the rest is easy.} Rd8 43. d5) 42... a5 $16 43. a3 axb4 44. axb4 Rb5 (44... Qf5 $16 {keeps fighting.}) 45. Qb1 $2 ({White should play} 45. Rd6 $18) 45... Rf5 $1 $11 46. Qe4 Qa2+ (46... Rb5 $11) 47. Qc2 (47. Rc2 $14 Qa1 48. Rc5) 47... Qa1 48. d5 Qe1 49. Qe4 $36 {[%mdl 2048] White fights for an advantage.} Qd2+ 50. Kg3 {Rxg6! is the strong threat.} h5 51. b5 {[%cal Bb4b5,Bb5b6][%mdl 32] Hoping for b6.} Qb2 $2 {[%mdl 8192]} (51... Qd1 $11) 52. Qe8 $18 Rf6 53. Rxf6 $2 (53. Rc8 {[%csl Gc8][%cal Re8h8]} g5 54. hxg5 h4+ 55. Kh3 Rxf3+ 56. Kg4 Rg3+ 57. Kh5 Rxg5+ 58. Kxg5 Qf6+ 59. Kg4 Qd4+ 60. Kh3 Qd3+ 61. Kxh4 Qd4+ 62. Kg3 Qg1+ 63. Kf4 Qh2+ 64. Kf5 Qh3+ 65. Ke5 Qg3+ 66. Kd4 Qf2+ 67. Qe3 Qb2+ 68. Ke4 Qb1+ 69. Qd3) 53... gxf6 {KQ-KQ} (53... Qxf6 {was necessary.} 54. Qe4 Qa1) 54. Qe7+ Kh6 $2 (54... Kg8 55. Qe4 Kg7) 55. Qe3+ g5 56. b6 Qb4 57. hxg5+ fxg5 58. Qe6+ Kg7 59. Qe5+ Kh6 60. Qf6+ Kh7 61. Qxg5 Qe1+ 62. Kg2 Qe2+ 63. Kg3 Qe1+ 64. Kh2 $1 Qf2+ 65. Qg2 $1 {[%cal Rg2f2]} Qh4+ (65... Qxb6 $142 66. Qc2+ Kg8) 66. Kg1 $1 (66. Qh3 Qf4+ 67. Qg3 Qd2+ 68. Kh3 Qd1 $18) 66... Qe1+ 67. Qf1 Qg3+ 68. Kh1 $1 Qh4+ 69. Kg2 Qg5+ 70. Kf2 Qh4+ 71. Ke3 Qe7+ 72. Kd4 $1 Qb4+ 73. Qc4 $1 Qxb6+ 74. Ke5 Kg7 75. d6 Qe3+ 76. Qe4 Qc5+ 77. Qd5 {White mates.} Qc3+ 78. Qd4 Qxd4+ 79. Kxd4 {KPP-KP} Kf7 80. Ke5 $1 {[%cal Re5f5]} h4 {[#]} 81. Kf4 $1 {[%cal Rf4g4]} Ke6 82. Kg4 Kxd6 83. Kxh4 {KP-K} Ke6 84. Kg5 Ke7 {[#]} 85. Kg6 $1 Ke8 86. f4 {[%cal Bf3f4,Bf4f5][%mdl 32]} Ke7 87. f5 Kf8 88. Kf6 Kg8 89. Ke7 {Precision: White = 54%, Black = 34%.} 1-0